000 00313nam a2200133Ia 4500
005 20251222141829.0
008 251222s9999||||xx |||||||||||||| ||spa||
020 _a9786124590948
082 _a985.019/M61
245 0 _aAtando Cabos
250 _a1ra.ed.
264 _bMuseo Nacional de Arqueología
942 _cLIB
999 _c7049
_d7049